La percepción remota: nuestros ojos desde el espacio
שמור ב:
| מחבר ראשי: | |
|---|---|
| פורמט: | ספר |
| שפה: | ספרדית |
| יצא לאור: |
Ciudad de México
Fondo de Cultura Económica
1987
|
| סדרה: | La Ciencia desde México, 33
|
| נושאים: | |
| תגים: |
הוספת תג
אין תגיות, היה/י הראשונ/ה לתייג את הרשומה!
|
MARC
| LEADER | 00000nam a2200000 a 4500 | ||
|---|---|---|---|
| 001 | UCX0648 | ||
| 003 | CL-VaPUC | ||
| 008 | 900103e19870000MX |||||||||||||||||spa|d | ||
| 082 | 0 | 4 | |a 629.435 |b LIR |2 21 |
| 100 | |a Lira Chávez, Jorge |e autor |9 572607 | ||
| 245 | 1 | 3 | |a La percepción remota: nuestros ojos desde el espacio |
| 300 | |a 150 p | ||
| 942 | |c BK | ||
| 945 | |d 19900103 00:00:00 |a mfernand | ||
| 260 | |a Ciudad de México |b Fondo de Cultura Económica |c 1987 | ||
| 650 | 7 | |a SATELITES ARTIFICIALES EN TELECOMUNICACION |2 CL-VaPUC |9 255223 | |
| 650 | 0 | |a Telecomunicaciones |9 257195 | |
| 650 | 0 | |a Procesamiento de imágenes |9 316062 | |
| 583 | |a last modification |c 20140106 03:51:54 |k Rodrigo Vera | ||
| 490 | 0 | |a La Ciencia desde México, 33 | |
| 999 | |c 222180 |d 222178 | ||
| 952 | |0 0 |1 0 |4 0 |6 629_435000000000000_LIR_1987 |7 0 |8 A |9 216576 |a BIBING |b BIBING |d 2019-11-15 |i 2852101 |o 629.435 LIR 1987 |p 2852101 |r 2025-01-20 |w 2019-11-15 |y BK |k GEO | ||
| 952 | |0 0 |1 0 |4 0 |6 629_435000000000000_LIR_1987 |7 0 |8 A |9 216577 |a BIBING |b BIBING |d 2019-11-15 |i 2963531 |o 629.435 LIR 1987 |p 2963531 |r 2025-01-20 |w 2019-11-15 |y BK |k GEO | ||
| 952 | |0 0 |1 0 |4 0 |6 629_435000000000000_LIR_1987 |7 0 |8 A |9 216578 |a BIBING |b BIBING |d 2019-11-15 |i 3020541 |o 629.435 LIR 1987 |p 3020541 |r 2025-01-20 |w 2019-11-15 |y BK |k GEO | ||